00678nam a2200241 a 4500001001300000003000900013005001700022008004100039020001000080082001700090100002500107245001600132260003100148300000900179500003500188505001600223650002500239700002500264902000800289942000700297952011700304999001500421nice12345678IN_TiNIC20260116011415.0050524s1932 teha grp 000 0 per  ac10000a891.51bATT1 aAttar, Sk Fariduddin aIlahi Namah aTehranbNo Publisherc1932 a418p aincludes index and biblioraphy2 aIndex, 145p aPersian Poetry-Attar1 aAttar, Sk Fariduddin bRBA cBK 001040708RareBook->aHMIbHMId2007-06-01g100.00l0o891.51 ATT1p04534r2007-06-01v100.00w2005-05-24yBK c1265d1265